[Event "ICS rated blitz match"]
[Site "204.178.125.65"]
[Date "1999.08.20"]
[Round "?"]
[White "ZXL2"]
[Black "Hossa"]
[Result "1-0"]
[WhiteElo "2115"]
[BlackElo "2463"]
[PlyCount "51"]

1. d4 d5 2. c4 dxc4 3. Nf3 a6 4. e3 b5 5. a4 Bf5 6. axb5 Bxb1 7. Rxb1 axb5 8.
b3 c5 9. bxc4 bxc4 10. Ne5 Nd7 11. Nxd7 Qa5+ 12. Bd2 c3 13. Bb5 cxd2+ 14. Ke2
O-O-O 15. Ne5 Nh6 16. Nc6 Qc3 17. Qa4 Kc7 18. Qa7+ Kd6 19. Nxd8 cxd4 20. Qb6+
Ke5 21. f4+ Kf5 22. Bd7+ e6 23. Bxe6+ Kf6 24. Bc4+ Kf5 25. Qb5+ Kg6 26. Qg5# {
Hossa checkmated} 1-0

[Event "ICS rated blitz match"]
[Site "204.178.125.65"]
[Date "1999.08.20"]
[Round "?"]
[White "Hossa"]
[Black "SPToth"]
[Result "1-0"]
[WhiteElo "2435"]
[BlackElo "2192"]
[PlyCount "81"]

1. d4 e6 2. d5 exd5 3. Qxd5 Nf6 4. Qe5+ Be7 5. Bf4 d6 6. Qb5+ Qd7 7. Nc3 a6 8.
Qxd7+ Nbxd7 9. e4 Nc5 10. Bd3 Bd7 11. O-O-O O-O-O 12. f3 Bc6 13. Bc4 Ne6 14.
Nge2 Rhf8 15. Be3 b5 16. Bd5 Bxd5 17. exd5 Nc5 18. b4 Ncd7 19. a4 bxa4 20. Nxa4
Ne5 21. Rhe1 Nc4 22. Bg5 h6 23. Nec3 Rfe8 24. Rd4 Nb6 25. Bxf6 Bxf6 26. Nxb6+
cxb6 27. Rxe8 Rxe8 28. Re4 Rxe4 29. Nxe4 Be5 30. h3 f5 31. Nf2 b5 32. Kd2 Kb7
33. g4 fxg4 34. fxg4 Kb6 35. h4 a5 36. bxa5+ Kxa5 37. h5 Kb4 38. Nd3+ Ka5 39.
Nxe5 dxe5 40. Kd3 Kb6 41. Ke4 {SPToth resigns} 1-0

[Event "ICS rated blitz match"]
[Site "204.178.125.65"]
[Date "1999.08.20"]
[Round "?"]
[White "SPToth"]
[Black "Hossa"]
[Result "0-1"]
[WhiteElo "2186"]
[BlackElo "2441"]
[PlyCount "50"]

1. d4 a5 2. c4 c5 3. Nf3 cxd4 4. Nxd4 e5 5. Nf3 e4 6. Nd4 d5 7. Nc3 Bb4 8. Be3
Bxc3+ 9. bxc3 Ne7 10. f3 Qc7 11. fxe4 Qxc4 12. Qb3 Qxb3 13. axb3 Bd7 14. exd5
Nxd5 15. Bd2 Nf6 16. c4 a4 17. bxa4 Ne4 18. Bb4 Na6 19. Ba3 Nac5 20. Nb5 Rxa4
21. Bb2 O-O 22. Rxa4 Nxa4 23. Ba3 Rc8 24. e3 Bxb5 25. cxb5 25... Rc3 {
SPToth resigns} 0-1

[Event "ICS rated blitz match"]
[Site "204.178.125.65"]
[Date "1999.08.20"]
[Round "?"]
[White "Hossa"]
[Black "vachss"]
[Result "1-0"]
[WhiteElo "2447"]
[BlackElo "2026"]
[PlyCount "35"]

1. d4 d5 2. c4 e5 3. dxe5 d4 4. Nf3 Nc6 5. Bf4 Be6 6. Nbd2 Qd7 7. Qb3 O-O-O 8.
O-O-O h6 9. e3 g5 10. exd4 gxf4 11. d5 Na5 12. Qc3 Bxd5 13. Qxa5 b6 14. Qxd5
Qxd5 15. cxd5 Rxd5 16. Ba6+ Kb8 17. Ne4 Rxd1+ 18. Rxd1 {vachss resigns} 1-0

[Event "ICS rated blitz match"]
[Site "204.178.125.65"]
[Date "1999.08.20"]
[Round "?"]
[White "Esen"]
[Black "Hossa"]
[Result "0-1"]
[WhiteElo "2002"]
[BlackElo "2450"]
[PlyCount "29"]

1. e4 e5 2. c4 Bc5 3. d3 d6 4. Be3 Bxe3 5. fxe3 Nh6 6. Nf3 f5 7. exf5 Nxf5 8.
e4 Nh4 9. Nxh4 Qxh4+ 10. g3 Qg5 11. Qe2 Qc1+ 12. Kf2 O-O+ 13. Kg2 Bg4 14. Qd2
Bf3+ 15. Kg1 {Esen resigns} 0-1

[Event "ICS rated blitz match"]
[Site "204.178.125.65"]
[Date "1999.08.20"]
[Round "?"]
[White "Hossa"]
[Black "Esen"]
[Result "1/2-1/2"]
[WhiteElo "2452"]
[BlackElo "2011"]
[PlyCount "233"]

1. d4 Nf6 2. c4 e6 3. Nc3 Bb4 4. Bg5 Bxc3+ 5. bxc3 h6 6. Bxf6 Qxf6 7. Nf3 d6 8.
e4 e5 9. Bd3 Nc6 10. d5 Nd8 11. O-O O-O 12. Nd2 Qe7 13. Qh5 b6 14. f4 f6 15.
Nf3 Nb7 16. Nh4 Qf7 17. Ng6 Re8 18. f5 Nc5 19. Qe2 Bd7 20. Rad1 Reb8 21. a3 Be8
22. Bc2 Qd7 23. Kh1 Bxg6 24. fxg6 a5 25. Rb1 Qe8 26. Qg4 Qd7 27. Qf3 Qe8 28.
Qh5 Qe7 29. Rf5 Rf8 30. Rb2 Rad8 31. Bb1 Rb8 32. Kg1 Rbd8 33. h3 Rb8 34. Bc2
Rbd8 35. Kh1 Rb8 36. Rb1 Rbd8 37. Kh2 Rb8 38. Kg1 Rbd8 39. Kf1 Rb8 40. h4 Rbd8
41. Rb5 Rb8 42. Kg1 Rbd8 43. Kh1 Rb8 44. Rb2 Rbd8 45. Bb1 Rb8 46. Rb5 Rbd8 47.
Kg1 Rb8 48. g3 Rbd8 49. Bc2 Rb8 50. Rb1 Rbd8 51. Kh1 Rb8 52. a4 Rbd8 53. Rb2
Rb8 54. Kg1 Rbd8 55. Rb1 Rb8 56. Rbf1 Rbd8 57. Kh1 Rb8 58. Ra1 Rfd8 59. Kg1 Qe8
60. Ra3 Nd7 61. Qg4 Nf8 62. h5 Nd7 63. Rf3 Nc5 64. Kh1 Qd7 65. Qxd7 Nxd7 66. g4
Nc5 67. Ra1 Rf8 68. Raf1 Rbd8 69. Kg2 Rb8 70. Kf2 Rbd8 71. Ke3 Rb8 72. R3f2
Rbd8 73. Kf3 Rb8 74. Bd1 Rbd8 75. Ke3 Rb8 76. Rb2 Rbd8 77. Rf5 Rb8 78. Rbf2
Rbd8 79. Bc2 Rb8 80. Rd2 Rbd8 81. Rd1 Rb8 82. Kf3 Rbd8 83. Rb1 Rb8 84. Rf1 Rbd8
85. Kg2 Rb8 86. Rh1 Rbd8 87. Rb1 Rb8 88. Kf3 Rbd8 89. Rb2 Rb8 90. Ke3 Rbd8 91.
Rf2 Rb8 92. Rb5 Rbd8 93. Kf3 Rb8 94. Rf1 Rbd8 95. Rbb1 Rb8 96. Bb3 Rbd8 97. Rf2
Rb8 98. Ke3 Rbd8 99. Rf3 Rb8 100. Rff1 Rbd8 101. Rf2 Ra8 102. Rf5 Rad8 103.
Rff1 Ra8 104. Rb2 Rad8 105. Rff2 Rb8 106. Rf3 Rbd8 107. Rf1 Rb8 108. Rff2 Rbd8
109. Rf3 Ra8 110. Rf5 Rad8 111. Kf3 Ra8 112. Rb1 Rad8 113. Bd1 Rb8 114. Ke3
Rbd8 115. Bc2 Rb8 116. Rbf1 Rbd8 117. Kf3 {Game drawn by the 50 move rule}
1/2-1/2

[Event "ICS rated blitz match"]
[Site "204.178.125.65"]
[Date "1999.08.20"]
[Round "?"]
[White "Hossa"]
[Black "VESta"]
[Result "1-0"]
[WhiteElo "2438"]
[BlackElo "2150"]
[PlyCount "91"]

1. d4 d5 2. c4 c6 3. Nc3 Nf6 4. cxd5 cxd5 5. f3 Bf5 6. Bg5 Nbd7 7. Qb3 Qb6 8.
Qxb6 Nxb6 9. e4 dxe4 10. Bxf6 exf6 11. Bb5+ Bd7 12. Bxd7+ Kxd7 13. fxe4 Nc4 14.
O-O-O Rc8 15. Rd3 Bb4 16. Nge2 Rhd8 17. Kb1 Ke8 18. Rc1 Nb6 19. h4 a6 20. g4
Rc4 21. h5 h6 22. a3 Bd6 23. Nd5 Rxc1+ 24. Kxc1 Nxd5 25. exd5 Kd7 26. Kd2 Rc8
27. b4 b6 28. Rh3 a5 29. bxa5 bxa5 30. Rb3 a4 31. Rb7+ Rc7 32. Rxc7+ Kxc7 33.
Nc3 Kb6 34. Kc2 Bxa3 35. Nxa4+ Kc7 36. Nc3 Kd7 37. Kb3 Bd6 38. Ne4 Bf4 39. Kb4
Bh2 40. Kc5 Bb8 41. d6 Ba7+ 42. Kd5 Bb6 43. Nc5+ Kd8 44. Kc6 Bxc5 45. dxc5 g6
46. d7 {VESta resigns} 1-0

[Event "ICS rated blitz match"]
[Site "204.178.125.65"]
[Date "1999.08.20"]
[Round "?"]
[White "VESta"]
[Black "Hossa"]
[Result "1-0"]
[WhiteElo "2145"]
[BlackElo "2443"]
[PlyCount "134"]

1. e4 e5 2. Nf3 Nc6 3. Nc3 Bb4 4. Nd5 Nf6 5. Nxb4 Nxb4 6. c3 Nc6 7. d3 d5 8.
Qc2 Bg4 9. Be2 Qd7 10. Bg5 O-O-O 11. Bxf6 gxf6 12. h3 dxe4 13. dxe4 Bxf3 14.
Bxf3 Kb8 15. Rd1 Qe7 16. O-O Rhg8 17. Rxd8+ Rxd8 18. Rd1 Qf8 19. Rxd8+ Qxd8 20.
Qd1 Qxd1+ 21. Bxd1 h6 22. Bb3 Nd8 23. g3 a5 24. Kg2 Ne6 25. Kf3 Ng5+ 26. Ke3
Nxh3 27. Bxf7 Ng5 28. Bc4 Kc8 29. f4 exf4+ 30. gxf4 Nh7 31. Kf3 Nf8 32. Kg4 Kd7
33. Kh5 Ne6 34. Bxe6+ Kxe6 35. Kxh6 b5 36. Kg6 b4 37. Kg7 f5 38. e5 Ke7 39. Kg6
Ke6 40. Kg5 bxc3 41. bxc3 a4 42. a3 c6 43. Kg6 Ke7 44. Kxf5 Kf7 45. Ke4 Kg6 46.
f5+ Kg5 47. e6 Kf6 48. Kd4 Ke7 49. Kc5 Ke8 50. Kxc6 Ke7 51. Kb5 Kf6 52. Kxa4
Ke5 53. Kb5 Kd6 54. c4 Kc7 55. a4 Kd6 56. a5 Ke7 57. c5 Kf6 58. a6 Kg5 59. c6
Kf6 60. a7 Kxf5 61. e7 Kg5 62. e8=Q Kg4 63. c7 Kg5 64. c8=Q Kf4 65. a8=Q Kg5
66. Qd5+ Kh4 67. Qcc4+ 67... Kg3 {Hossa resigns} 1-0

[Event "ICS rated blitz match"]
[Site "204.178.125.65"]
[Date "1999.08.20"]
[Round "?"]
[White "Hossa"]
[Black "Big-Pawn"]
[Result "1-0"]
[WhiteElo "2416"]
[BlackElo "2243"]
[PlyCount "37"]

1. d4 g6 2. e4 Bg7 3. Ne2 d6 4. f3 Nf6 5. Bg5 O-O 6. Qd2 Nbd7 7. Nbc3 c6 8. Bh6
e5 9. Bxg7 Kxg7 10. O-O-O Qe7 11. g3 Nb6 12. dxe5 dxe5 13. Qg5 h6 14. Qe3 Be6
15. Ng1 Rfd8 16. Bd3 c5 17. h4 c4 18. Be2 a6 19. Qxb6 {Big-Pawn resigns} 1-0

[Event "ICS rated blitz match"]
[Site "204.178.125.65"]
[Date "1999.08.20"]
[Round "?"]
[White "Hossa"]
[Black "geyik"]
[Result "1-0"]
[WhiteElo "2425"]
[BlackElo "2089"]
[PlyCount "85"]

1. d4 Nf6 2. c4 e6 3. Nc3 d5 4. Bf4 Nbd7 5. e3 a6 6. Bd3 dxc4 7. Bxc4 b5 8. Qf3
Rb8 9. Bd3 Bb7 10. e4 Bb4 11. Nge2 O-O 12. O-O c5 13. Bxb8 Qxb8 14. a3 Bxc3 15.
bxc3 c4 16. Bc2 h6 17. a4 e5 18. axb5 axb5 19. d5 Nc5 20. Rfb1 Bc8 21. Qe3 Qc7
22. Rxb5 Nfd7 23. Raa5 Nb7 24. Ra7 Ndc5 25. Rb4 Rd8 26. Rxc4 Qd6 27. Qf3 f6 28.
Rb4 Bd7 29. Rbxb7 Nxb7 30. Rxb7 Qa3 31. Bd3 Qa1+ 32. Rb1 Qa2 33. c4 Ba4 34. Nc3
Qa3 35. Nxa4 Qxa4 36. Qe3 Ra8 37. g3 Qa2 38. Kg2 Qa3 39. c5 Rc8 40. c6 Qd6 41.
Rb7 Rc7 42. Qa7 Rxb7 43. cxb7 {geyik resigns} 1-0

[Event "ICS rated blitz match"]
[Site "204.178.125.65"]
[Date "1999.08.20"]
[Round "?"]
[White "Hossa"]
[Black "bookbuilder"]
[Result "0-1"]
[WhiteElo "2437"]
[BlackElo "2687"]
[PlyCount "81"]

1. d4 d5 2. c4 e6 3. Nc3 dxc4 4. Nf3 Nd7 5. e4 Nb6 6. Bxc4 Nxc4 7. Qa4+ Bd7 8.
Qxc4 Nf6 9. Bg5 h6 10. Bxf6 gxf6 11. Rc1 a6 12. O-O b5 13. Qd3 b4 14. Ne2 Bb5
15. Qe3 h5 16. Rfe1 Bh6 17. Nf4 h4 18. Rcd1 h3 19. gxh3 c6 20. Kg2 Qa5 21. Ra1
e5 22. a4 bxa3 23. dxe5 fxe5 24. Rxa3 Qc7 25. Ne6 fxe6 26. Qb3 Qg7+ 27. Kh1 Qf6
28. Raa1 Bf8 29. h4 Bc5 30. Rec1 Bxf2 31. Rc2 Bxh4 32. Rg2 O-O-O 33. Rd1 Rxd1+
34. Qxd1 Rd8 35. Rd2 Qf4 36. Rxd8+ Bxd8 37. Qb3 Kd7 38. Qd1+ Kc7 39. Qb3 Qxe4
40. Qc3 Be2 41. Qxe5+ {Hossa resigns} 0-1

[Event "ICS rated blitz match"]
[Site "204.178.125.65"]
[Date "1999.08.20"]
[Round "?"]
[White "rigollon"]
[Black "Hossa"]
[Result "0-1"]
[WhiteElo "2027"]
[BlackElo "2431"]
[PlyCount "80"]

1. Nf3 b6 2. g3 Bb7 3. Bg2 e6 4. O-O f5 5. e3 Be7 6. d4 Nf6 7. Nbd2 O-O 8. c4
c6 9. b3 Ne4 10. Bb2 d5 11. Ne5 Bb4 12. Nxe4 fxe4 13. cxd5 exd5 14. a3 Bd6 15.
Qh5 Bxe5 16. Qxe5 Bc8 17. Rac1 Rf5 18. Qxb8 Rxb8 19. Rxc6 Ba6 20. Rfc1 Qf8 21.
R1c2 Bd3 22. Rd2 Qe8 23. Rc7 Rf7 24. Rc3 Qe6 25. h4 Rbf8 26. a4 Qf5 27. Ba3 Rd8
28. b4 g5 29. hxg5 Qxg5 30. Bh3 Kg7 31. Rc6 Bc4 32. b5 Qh5 33. Kg2 Qf3+ 34. Kg1
Be2 35. Bd6 Qxf2+ 36. Kh1 Bf3+ 37. Bg2 Bxg2+ 38. Kh2 Qxd2 39. Be5+ Kg8 40. Rh6
40... Bf1+ {rigollon resigns} 0-1

[Event "ICS rated blitz match"]
[Site "204.178.125.65"]
[Date "1999.08.20"]
[Round "?"]
[White "R-172"]
[Black "Hossa"]
[Result "0-1"]
[WhiteElo "2237"]
[BlackElo "2434"]
[PlyCount "58"]

1. d4 a5 2. c4 c5 3. d5 Nf6 4. Nc3 d6 5. e4 e5 6. Bd3 Be7 7. Nf3 O-O 8. h3 Ne8
9. O-O f5 10. exf5 Bxf5 11. Bxf5 Rxf5 12. Ne4 Nd7 13. Qd3 Rf8 14. Nfg5 Bxg5 15.
Bxg5 Qb6 16. b3 Rf7 17. f4 h6 18. fxe5 Nxe5 19. Qc2 hxg5 20. Nxg5 Rxf1+ 21.
Rxf1 g6 22. Qf2 Ng7 23. Qh4 Nh5 24. g4 Rf8 25. Rxf8+ Kxf8 26. gxh5 gxh5 27.
Qxh5 Kg7 28. Qh7+ Kf8 29. Qd7 29... Nxd7 {R-172 resigns} 0-1

[Event "ICS rated blitz match"]
[Site "204.178.125.65"]
[Date "1999.08.20"]
[Round "?"]
[White "Hossa"]
[Black "Final"]
[Result "1-0"]
[WhiteElo "2442"]
[BlackElo "2060"]
[PlyCount "59"]

1. d4 Nf6 2. c4 c5 3. d5 b5 4. cxb5 a6 5. f3 d6 6. e4 e6 7. Nc3 Be7 8. bxa6
Nxa6 9. Bb5+ Bd7 10. Bxd7+ Qxd7 11. Bf4 e5 12. Bc1 O-O 13. Nge2 Rfb8 14. O-O
Nb4 15. f4 exf4 16. Bxf4 h6 17. e5 dxe5 18. Bxe5 Nbxd5 19. Bxb8 Rxb8 20. Qd2
Qb7 21. Nxd5 Nxd5 22. b3 Bf6 23. Rad1 Nb4 24. Rxf6 gxf6 25. Qxh6 Qe4 26. Nc3
Qg6 27. Qh3 Re8 28. a3 Nc2 29. Nd5 Nxa3 30. Ne7+ {Final resigns} 1-0

[Event "ICS rated blitz match"]
[Site "204.178.125.65"]
[Date "1999.08.20"]
[Round "?"]
[White "Final"]
[Black "Hossa"]
[Result "0-1"]
[WhiteElo "2057"]
[BlackElo "2445"]
[PlyCount "86"]

1. d4 a5 2. e4 d5 3. e5 Bf5 4. Bd3 Bxd3 5. Qxd3 b6 6. Nf3 c5 7. Bg5 Nc6 8. c3
cxd4 9. cxd4 f6 10. Bd2 fxe5 11. dxe5 Rc8 12. O-O e6 13. Nc3 Bc5 14. Rfe1 Qd7
15. Nb5 Nge7 16. Ng5 h6 17. Nd6+ Bxd6 18. exd6 hxg5 19. dxe7 Nxe7 20. Bxg5 Qd6
21. Bxe7 Qxh2+ 22. Kf1 Kxe7 23. Qg6 Qh1+ 24. Ke2 Qh6 25. Qxh6 Rxh6 26. Rac1
Rxc1 27. Rxc1 Kd6 28. Rc8 e5 29. a3 d4 30. g3 Kd5 31. b4 axb4 32. axb4 e4 33.
Rc7 Rg6 34. Kd2 Rf6 35. Ke2 d3+ 36. Ke1 g6 37. Rd7+ Kc4 38. Re7 Kc3 39. Rxe4
d2+ 40. Kd1 Rxf2 41. Rf4 Rxf4 42. gxf4 b5 43. Ke2 43... Kc2 {Final resigns} 0-1

[Event "ICS rated blitz match"]
[Site "204.178.125.65"]
[Date "1999.08.20"]
[Round "?"]
[White "trumpler"]
[Black "Hossa"]
[Result "0-1"]
[WhiteElo "2202"]
[BlackElo "2463"]
[PlyCount "56"]

1. e4 e5 2. Nf3 Nc6 3. Nc3 Bb4 4. Nd5 Nf6 5. Nxb4 Nxb4 6. c3 Nc6 7. Bd3 d5 8.
exd5 Qxd5 9. Bc2 Bg4 10. d3 O-O-O 11. O-O Rd6 12. Qe2 Rhd8 13. Bg5 e4 14. dxe4
Qxg5 15. Nxg5 Bxe2 16. Nxf7 Bxf1 17. Kxf1 Rd2 18. Nxd8 Rxc2 19. Nxc6 bxc6 20.
f3 Rxb2 21. g4 Rxh2 22. Kg1 Rc2 23. g5 Nh5 24. Re1 Nf4 25. e5 Nh3+ 26. Kh1 Nxg5
27. Re3 Rf2 28. e6 28... Nxf3 {trumpler resigns} 0-1

[Event "ICS Rated blitz match"]
[Site "204.178.125.65"]
[Date "1999.08.21"]
[Round "?"]
[White "Hossa"]
[Black "inmortal"]
[Result "1-0"]
[WhiteElo "2469"]
[BlackElo "2332"]
[PlyCount "61"]

1. d4 Nf6 2. c4 g6 3. Nc3 Bg7 4. e4 d6 5. f3 O-O 6. Be3 Nbd7 7. Bd3 c5 8. dxc5
Nxc5 9. Nge2 Nxd3+ 10. Qxd3 b6 11. Qd2 Re8 12. Bh6 Bh8 13. O-O a6 14. Rad1 Bb7
15. b3 b5 16. Rb1 bxc4 17. bxc4 Rb8 18. Rb4 Bc6 19. Rxb8 Qxb8 20. Nd5 Nxd5 21.
cxd5 Bd7 22. Qe3 Rc8 23. a3 Qb7 24. Re1 a5 25. Kh1 a4 26. Qg1 Bb2 27. Rb1 Rc2
28. Nd4 Rc4 29. Qd1 Qb6 30. Ne2 e6 31. Qd2 {inmortal resigns} 1-0

[Event "ICS rated blitz match"]
[Site "204.178.125.65"]
[Date "1999.08.21"]
[Round "?"]
[White "inmortal"]
[Black "Hossa"]
[Result "0-1"]
[WhiteElo "2322"]
[BlackElo "2479"]
[PlyCount "46"]

1. e4 e5 2. Nf3 Nc6 3. Bc4 Nf6 4. Ng5 d5 5. exd5 Na5 6. Bb5+ c6 7. dxc6 bxc6 8.
Be2 h6 9. Nf3 e4 10. Ne5 Bd6 11. d4 O-O 12. O-O Rb8 13. b3 Qc7 14. Bb2 c5 15.
f4 cxd4 16. Bxd4 Rd8 17. c3 Bc5 18. Qd2 Rxb3 19. axb3 Nxb3 20. Qa2 Rxd4 21.
cxd4 Bxd4+ 22. Kh1 Be6 23. f5 23... Bd5 {inmortal resigns} 0-1

[Event "ICS rated blitz match"]
[Site "204.178.125.65"]
[Date "1999.08.21"]
[Round "?"]
[White "VESta"]
[Black "Hossa"]
[Result "0-1"]
[WhiteElo "2184"]
[BlackElo "2488"]
[PlyCount "92"]

1. d4 a5 2. Nf3 a4 3. c4 e6 4. g3 d5 5. Bg2 dxc4 6. Ne5 Bb4+ 7. Nc3 a3 8. O-O
Ne7 9. Nxc4 axb2 10. Bxb2 Nd5 11. Nxd5 exd5 12. Ne5 Ba3 13. Bxa3 Rxa3 14. Qc1
Ra5 15. a4 f6 16. Nd3 O-O 17. Nf4 c6 18. e3 Re8 19. Qb2 b6 20. Rfc1 Bf5 21. Qb4
Kh8 22. Ra3 Qe7 23. Qxe7 Rxe7 24. Rb3 Rb7 25. Rb4 g5 26. Ne2 h5 27. h4 Kg7 28.
Bf3 Kg6 29. Rc3 Ra6 30. Rc1 Kh6 31. Rc3 Raa7 32. Kh2 Ra8 33. Rc1 Ra6 34. Rc3
Rba7 35. Rcb3 g4 36. Bg2 Nd7 37. Rc3 c5 38. Rb2 Be4 39. dxc5 bxc5 40. Bxe4 dxe4
41. Rd2 Rxa4 42. Rc1 Ra2 43. Rdc2 Ne5 44. Ng1 Nd3 45. Rxa2 Rxa2 46. Rf1 46...
c4 {VESta resigns} 0-1

[Event "ICS rated blitz match"]
[Site "204.178.125.65"]
[Date "1999.08.21"]
[Round "?"]
[White "Hossa"]
[Black "VESta"]
[Result "1-0"]
[WhiteElo "2493"]
[BlackElo "2177"]
[PlyCount "57"]

1. d4 Nf6 2. c4 g6 3. Nc3 Bg7 4. e4 O-O 5. Bg5 d6 6. f3 c5 7. dxc5 dxc5 8. Qd3
Qxd3 9. Bxd3 e6 10. O-O-O a6 11. Rd2 Nc6 12. Nge2 h6 13. Be3 Nd7 14. Rhd1 Nce5
15. b3 Nxd3+ 16. Rxd3 Ne5 17. R3d2 b6 18. Na4 Rb8 19. Rd6 b5 20. cxb5 axb5 21.
Nxc5 Re8 22. Rd8 Kf8 23. a3 Bf6 24. Bxh6+ Ke7 25. R8d6 b4 26. a4 g5 27. f4 Ng4
28. Rd7+ Bxd7 29. Rxd7# {VESta checkmated} 1-0

[Event "ICS rated blitz match"]
[Site "204.178.125.65"]
[Date "1999.08.21"]
[Round "?"]
[White "Hossa"]
[Black "Njall"]
[Result "1-0"]
[WhiteElo "2497"]
[BlackElo "2238"]
[Annotator "Fritz 5.32 (30s)"]
[PlyCount "73"]

1. d4 1... f5 {Opening = A85 - 2.c4 Nf6 3.Nc3} 2. c4 Nf6 3. Nc3 e6 4. e3 Be7 5.
Bd3 O-O 6. Nge2 d6 7. O-O (7. Qc2 Nc6 8. a3 Bd7 (8... g6 9. e4 fxe4 10. Nxe4
Nxe4 11. Bxe4 Bf6 12. Be3 e5 13. d5 Nd4 14. Bxd4 exd4 15. O-O a5 16. Rad1 a4
17. Nxd4 Bxd4 18. Rxd4 Qf6 19. Rd3 b6 20. Rf3 Qg7 21. Re3 Bd7 22. Rfe1 Rf4 23.
Qc3 {Ibragimov,I-Teran Alvarez,I/Ubeda 1997/CBM 56 ext/1-0 (51)}) 9. Bd2 Qc8
10. f3 e5 11. O-O-O a6 12. h3 b5 13. cxb5 axb5 14. Bxb5 Kh8 15. Bc4 f4 16. d5
Na5 17. Ba2 fxe3 18. Bxe3 c6 19. Ng3 cxd5 20. Nxd5 Nxd5 21. Bxd5 21... Ba4 {
Seirawan,Y-Short,N/Tilburg 1990/CBM 20/ - (46)}) 7... c6 $146 (7... e5 8. f3
Nc6 9. a3 a5 10. d5 Nb8 11. Rb1 c5 12. g3 g5 13. Bd2 Na6 14. Qc2 Nc7 15. Na4
Ra6 16. Nec3 Kh8 17. b4 axb4 18. axb4 Nfe8 19. bxc5 dxc5 20. Nb5 Ng7 21. Ra1
Bd6 22. Bc3 Qe7 23. Nxd6 Qxd6 24. Qb2 Re8 25. f4 gxf4 26. exf4 {
1-0 Herraiz,H-Gely Alonso,J/ESP-chT 1992/EXT 98 (26)}) 8. b3 Bd7 9. f3 Na6 10.
Ba3 Nc7 11. Bb2 Qe8 12. Qe1 Qf7 13. Qg3 Rae8 14. e4 Nh5 15. Qe1 f4 16. Qf2 e5
17. dxe5 dxe5 18. Qxa7 Ne6 19. Na4 b5 20. Qxd7 bxa4 21. Qxc6 Bc5+ 22. Kh1 a3
23. Bxe5 Rc8 24. Qa4 Ra8 25. Qb5 Rfd8 26. Rfd1 Be3 27. b4 Qg6 28. Rab1 Qh6 29.
Qc6 Ng3+ 30. Nxg3 fxg3 31. Bxg3 Rac8 32. Qb7 Nf4 33. c5 Rb8 34. Bc4+ Kh8 35.
Qa7 (35. Rxd8+ $5 $142 {ist genauer} 35... Rxd8 36. c6 36... Bc1 $18) 35... Ra8
36. Qxa3 Qf6 (36... Nh5 {die letzte Gegenchance} 37. Rxd8+ 37... Rxd8 $18) 37.
Qxe3 (37. Qxe3 Rxd1+ 38. Rxd1 $18) 1-0

[Event "ICS rated blitz match"]
[Site "204.178.125.65"]
[Date "1999.08.21"]
[Round "?"]
[White "Njall"]
[Black "Hossa"]
[Result "0-1"]
[WhiteElo "2232"]
[BlackElo "2503"]
[PlyCount "124"]

1. d4 a5 2. c4 c5 3. d5 Nf6 4. Nc3 d6 5. Nf3 e5 6. e4 Be7 7. Bd3 O-O 8. h3 Ne8
9. g4 Nd7 10. Be3 Bf6 11. Qd2 b6 12. O-O-O Bb7 13. h4 Be7 14. Rdg1 Bc8 15. Rh2
Ba6 16. g5 a4 17. a3 Bc8 18. h5 Bb7 19. Qe2 b5 20. Nxb5 Rb8 21. Nh4 Qb6 22. Nf5
Bd8 23. g6 fxg6 24. hxg6 h6 25. Bxh6 Bc8 26. Be3 Rxf5 27. exf5 Bf6 28. Bg5
Bxg5+ 29. Rxg5 Nef6 30. f4 Ba6 31. Rgh5 Kf8 32. Rh8+ Ke7 33. fxe5 Nxe5 34. Rxb8
Qxb8 35. Qd2 Bxb5 36. cxb5 c4 37. Bc2 Qxb5 38. Re2 Kf8 39. Rxe5 dxe5 40. Qb4+
Qxb4 41. axb4 Nxd5 42. b5 Nb6 43. Be4 Ke7 44. Kd2 Kf6 45. Kc3 Kg5 46. Kb4 Kf4
47. Bc2 e4 48. Kc5 e3 49. Bd1 c3 50. bxc3 a3 51. Kxb6 Kxf5 52. Kc5 a2 53. b6
a1=Q 54. Kd4 Qxd1+ 55. Kxe3 Qg1+ 56. Kd3 Qxb6 57. Kc4 Qc6+ 58. Kb4 Kxg6 59. c4
Kf5 60. c5 g5 61. Kc4 Ke4 62. Kb4 62... Kd4 {Njall resigns} 0-1

[Event "ICS rated blitz match"]
[Site "204.178.125.65"]
[Date "1999.08.21"]
[Round "?"]
[White "Hossa"]
[Black "Njall"]
[Result "1-0"]
[WhiteElo "2509"]
[BlackElo "2226"]
[PlyCount "87"]

1. d4 f5 2. c4 e6 3. Nf3 Nf6 4. g3 Be7 5. Bg2 O-O 6. Nc3 d6 7. O-O c6 8. Bg5
Na6 9. a3 Nc7 10. Qd3 Bd7 11. Rac1 Be8 12. Rfe1 Bh5 13. Bf4 Qe8 14. c5 Rd8 15.
Ng5 h6 16. Nf3 g5 17. cxd6 Bxd6 18. Bxd6 Rxd6 19. Ne5 Qe7 20. e3 Rfd8 21. f3
Nd7 22. Nc4 Nc5 23. Qc2 N5a6 24. Nxd6 Rxd6 25. Ne2 Nb5 26. Qc4 Bf7 27. a4 Nbc7
28. Qb3 Nd5 29. e4 Ndb4 30. Qe3 Qd8 31. g4 f4 32. Qc3 Na2 33. Qb3 Nxc1 34. Rxc1
e5 35. Qxb7 Qb6 36. Qxb6 axb6 37. dxe5 Rd2 38. Rxc6 Rxe2 39. Bf1 Re1 40. Kf2
Rxf1+ 41. Kxf1 Nc5 42. a5 Bc4+ 43. Kg2 Kf7 44. axb6 {Njall resigns} 1-0

[Event "ICS rated blitz match"]
[Site "204.178.125.65"]
[Date "1999.08.21"]
[Round "?"]
[White "Njall"]
[Black "Hossa"]
[Result "0-1"]
[WhiteElo "2221"]
[BlackElo "2514"]
[PlyCount "60"]

1. d4 a5 2. c4 c5 3. d5 Nf6 4. Nc3 d6 5. Nf3 e5 6. e4 Be7 7. h3 O-O 8. Bd3 Ne8
9. g4 Nd7 10. Be3 Bf6 11. Qd2 a4 12. a3 Nc7 13. O-O-O Rb8 14. h4 Be7 15. Rdg1
Nf6 16. g5 Ng4 17. Qe2 f6 18. gxf6 Bxf6 19. Ng5 Nxe3 20. Qxe3 Bd7 21. h5 b5 22.
cxb5 Nxb5 23. Bxb5 Bxg5 24. Rxg5 Bxb5 25. Rhg1 Rf7 26. Qg3 Qf6 27. Kb1 Bd7 28.
Rg2 Qh6 29. Rh2 Rb3 30. Rg6 30... Qd2 {Njall resigns} 0-1